00497nam a2200205Ia 4500008004100000020001800041050001400059100001500073245001600088245003200104245003200136260001500168260001600183260000900199300001500208300002700223300001000250440002300260500000800283170918s9999 xx 000 0 und d a9780545474702 bL987 2008 aLynch, Jay aMo and Jo : bfighting together forever / cJay Lynch and Dean Haspiel. aNew York : bScholastic, c2008 a39 pages : bcolored illustration ; c23cm. aMo and Jo level 3. a240